Great Literature #13 - Statistics

General Stats
  • This quiz has been taken 241 times
  • The average score is 9 of 20
Answer Stats
Hint Answer % Correct
Bram Stoker Dracula
95%
Arthur Conan Doyle The Hound of the Baskervilles
94%
John Steinbeck Of Mice and Men
92%
E. M. Forster A Room with a View
77%
D. H. Lawrence Women in Love
69%
John Updike Rabbit Redux
64%
Galileo Dialogue Concerning the Two Chief World Systems
51%
Honoré de Balzac Eugénie Grandet
51%
Virginia Woolf The Waves
50%
Baruch de Spinoza Ethics
37%
Plato Phaedo [On the Soul]
34%
James McBride The Color of Water: A Black Man’s Tribute to His White Mother
32%
Giuseppe Tomasi di Lampedusa The Leopard
32%
Roberto Bolaño 2666
29%
John Hersey Hiroshima
24%
Karl Popper The Open Society and Its Enemies
24%
James Agee Let Us Now Praise Famous Men
20%
Will James Pragmatism
17%
Thomas Merton The Seven Storey Mountain
16%
Richard Rhodes The Making of the Atomic Bomb
14%
No matching quizzes found
Score Distribution
Percent of People with Each Score
Percentile by Number Answered
Your Score History
You have not taken this quiz